00657cam a22002057a 4500003000500000005001700005008004100022010001000063011001000073035001000083040000900093100003700102245008100139260003900220300001000259502008700269650003200356650002500388650003800413CHAP20220329141724.0971013s1985 r 00010 d a72820 a73792 a83350 cCHAP00aAlanis Villarreal, Bertha Laura.13aLa política crediticia y la balanza de pagosb: un modelo macroeconómico aMonterrey, N.L. :bEl autor,c1985 a51 h. aTesis (Lic. en Economía) -- Univ. Autónoma de Nuevo León. Fac. de Economía14aBalanza de pagoszMéxico.14aCréditoxMéxico.14aPolítica económicazMéxico.